00378nam a2200109Ia 4500008004100000040001700041041001200058082001600070100002300086245014800109300001100257230917s9999||||xx |||||||||||||| ||und|| e183797aMAIN aEnglish a34:331 K95I aKulshreshtha, Abha 0aIndustrial relations machinery under the Industrial Disputs Act 1947: A study of relevant provisions and Judicial descisions since independence a187 p.